KulDaivat : Chitpawan kokanastha brahman kutumbiyanchya kuldaivatanchi sampurna sachitra mahiti denara grantha (Record no. 363163)

MARC details
000 -LEADER
fixed length control field 004230000a22001450004500
005 - DATE AND TIME OF LATEST TRANSACTION
control field 20120302064824.0
040 ## - CATALOGING SOURCE
Original cataloging agency mar
100 ## - MAIN ENTRY--PERSONAL NAME
Personal name Patwardhan, Ajeet
245 ## - TITLE STATEMENT
Title KulDaivat : Chitpawan kokanastha brahman kutumbiyanchya kuldaivatanchi sampurna sachitra mahiti denara grantha
260 ## - PUBLICATION, DISTRIBUTION, ETC. (IMPRINT)
Place of publication, distribution, etc Miraj : Yashwant industrial works pvt.Ltd.
300 ## - PHYSICAL DESCRIPTION
Extent 152 p.
365 ## - TRADE PRICE
Price amount Rs.250/-
650 ## - SUBJECT ADDED ENTRY--TOPICAL TERM
Topical term or geographic name as entry element Kuldaivat
942 ## - ADDED ENTRY ELEMENTS (KOHA)
Koha item type Book
Holdings
Withdrawn status Lost status Damaged status Not for loan Home library Current library Date acquired Total Checkouts Barcode Date last seen Price effective from
        Institute For Oriental Study, Thane Institute For Oriental Study, Thane 12/02/2009   IOS-M 24218 12/02/2009 12/02/2009